| 000 | 00423nam a2200181Ia 4500 | ||
|---|---|---|---|
| 001 | 20668 | ||
| 005 | 20260306172822.0 | ||
| 008 | 260306t2007||||xx |||||||||||||| ||spa|| | ||
| 041 | _aESP | ||
| 082 |
_a343.6 _bL65 |
||
| 100 |
_aLinares, Juan Francisco _eAUT |
||
| 245 | 0 | _aDerecho administrativo | |
| 260 | _c2007 | ||
| 300 |
_a564 páginas : _c23 cm. |
||
| 650 | _aGEN | ||
| 654 | _aCDE | ||
| 942 |
_cLIB _dJUS _fJUS _2ddc _n |
||
| 999 |
_c20668 _d20668 |
||